000 00508nam a2200181Ia 4500
003 GCL
008 140319s9999 xx 000 0 ara d
040 _aGCL /
_cGCL
082 0 4 _aط
_b813.01
_bد ع
245 1 0 _aعلى بابا واللصوص وقصص أخرى
260 _a[S.N] :
_bدار المعارف ،
_c1992
300 _aمتعدد
490 _aاقرأ ولون
_v0
650 0 4 _aالقصص القصيرة
650 0 4 _aالاطفال
650 0 4 _aقصص الاطفال
942 _2ddc
_cBK
999 _c56661
_d56661